000 00303nam a2200145Ia 4500
100 _aIyer/T.S.K.V
942 _cBK
654 _acircuit
245 _aCircuit theory
260 _bTata Mc Graw hill
_aNew Dellhi
_c1987
082 _a621.3192
_bIYE
300 _a520
546 _aENGLISH
999 _c22989
_d22989